Statistics for Countries that Swear the Most

Click here to take the quiz!

General Stats

  • This quiz has been taken 287 times
  • The average score is 7 of 10

Answer Stats

HintAnswer% Correct
3.96%USA
92%
3.58%UK
86%
7.59%France
80%
4.62%Spain
72%
3.62%Canada
67%
3.8%Italy
67%
4.7%Australia
65%
7.31%Poland
50%
4.67%New Zealand
48%
4.08%Czech Republic
24%

Score Distribution

Percentile by Number Answered

Percent of People with Each Score

Your Score History

You have not taken this quiz